| 000 | 01934nim a2200397 i 4500 | ||
|---|---|---|---|
| 001 | 197404 | ||
| 003 | ES-MaACL | ||
| 005 | 20250828062643.0 | ||
| 007 | ss lsnjlcipnne | ||
| 008 | 230525s1991 sp nnnn |||| 00| spa d | ||
| 040 |
_bspa _cES-MaACL |
||
| 100 | 1 |
_aLavaur, Luis, _d1917- _eaut _970695 |
|
| 245 | 0 | 0 |
_aSiglo XX - El viaje en la vida y en la obra de Elizabeth Barrett y George Eliot _h[Grabación sonora] : _bciclo de conferencias sobre "Mujeres viajeras-Operación Ariadna" / _ca cargo de D. Luis Lavaur ; presenta Miguel Losada |
| 246 | _aCiclo de conferencias "Mujeres viajeras - Operación Ariadna" | ||
| 260 |
_aMadrid : _bAteneo de Madrid, _c1991 |
||
| 300 |
_a1 casete (ca. 90 min) : _bson. ; _c11 cm |
||
| 490 | 1 | _3Actos culturales en el Ateneo de Madrid | |
| 518 | _aGrabado el 4 de diciembre de 1991 en el Salón de Actos del Ateneo de Madrid. | ||
| 520 | _aActo dentro del ciclo de conferencias "Mujeres viajeras - Operación Ariadna". Conferencia sobre la vida y la obra de las escritoras Elizabeth Barrett y George Eliot, por Luis Lavaur, ensayista. Acto patrocinado por el Instituto de la Mujer. | ||
| 540 | _aDocumento inédito | ||
| 594 | _5Datos basados en la invitación. | ||
| 600 | 0 | 4 |
_932034 _aBrowning, Elizabeth Barrett |
| 600 | 0 | 4 |
_946995 _aEliot, George |
| 610 | 2 | 0 |
_aAteneo de Madrid- _xActos culturales- _y1991- _vGrabaciones sonoras _9240452 |
| 650 | 7 |
_aMujeres _2embne _915251 |
|
| 653 | _aArchivo de la palabra | ||
| 655 | 0 |
_aConferencias _9234444 |
|
| 700 | 1 |
_974261 _aLosada, Miguel _epres |
|
| 710 |
_aAteneo de Madrid. _ehis _bAgrupación Ateneísta de Estudios sobre la Mujer "Clara Campoamor" _9240081 |
||
| 710 | 2 |
_aInstituto de la Mujer (España) _espn _94980 |
|
| 830 | 0 |
_aActos culturales en el Ateneo de Madrid _9240237 |
|
| 852 |
_aES-MaACL _cDEPOZ _9205771 |
||
| 942 |
_2udc _n0 _cCINTASAUD |
||
| 999 |
_c197404 _d197404 |
||